LUMEN VITAE. VOL. XII. OTTOBRE-DICEMBRE 1957. RIVISTA INTERNAZIONALE FORMAZIONE RELIGIOSA. (Record n. 325533)
[ formato base ]
| 000 -LEADER | |
|---|---|
| fixed length control field | 02069nas a2200277Ia 4500 |
| 001 - CONTROL NUMBER | |
| control field | R268-R6940 |
| 003 - CONTROL NUMBER IDENTIFIER | |
| control field | IT-CnALBA |
| 008 - FIXED-LENGTH DATA ELEMENTS--GENERAL INFORMATION | |
| fixed length control field | 170116c99999999xx |||||||||||| ||und|| |
| 040 ## - CATALOGING SOURCE | |
| Original cataloging agency | IT-CnALBA |
| Transcribing agency | IT-CnALBA |
| 041 ## - LANGUAGE CODE | |
| Language code of text/sound track or separate title | FRANCESE |
| 999 ## - SYSTEM CONTROL NUMBERS (KOHA) | |
| Koha Dewey Subclass [OBSOLETE] | NO |
| 100 ## - MAIN ENTRY--PERSONAL NAME | |
| Personal name | FOLLIET JOSEPH |
| 210 ## - ABBREVIATED TITLE | |
| Abbreviated title | LUMEN VITAE |
| 222 ## - KEY TITLE | |
| Key title | LUMEN VITAE |
| 245 #0 - TITLE STATEMENT | |
| Title | LUMEN VITAE. VOL. XII. OTTOBRE-DICEMBRE 1957. RIVISTA INTERNAZIONALE FORMAZIONE RELIGIOSA. |
| Remainder of title | RIVISTA INTERNAZIONALE FORMAZIONE RELIGIOSA |
| 250 ## - EDITION STATEMENT | |
| Edition statement | 1a ed. |
| 260 ## - PUBLICATION, DISTRIBUTION, ETC. (IMPRINT) | |
| Place of publication, distribution, etc. | BRUXELLE |
| Name of publisher, distributor, etc. | CENTRO INT. STUDI FORM. REL. |
| Date of publication, distribution, etc. | 1957 [1° Ed.:1957 - Ed.Ling.Originale: 1957] |
| 300 ## - PHYSICAL DESCRIPTION | |
| Extent | 200 p. |
| 310 ## - CURRENT PUBLICATION FREQUENCY | |
| Current publication frequency | TRIMESTRALE |
| 362 ## - DATES OF PUBLICATION AND/OR SEQUENTIAL DESIGNATION | |
| Dates of publication and/or sequential designation | Fascicolo: 4 / Anno: 11 (1957) |
| 500 ## - GENERAL NOTE | |
| General note | APOSTOLATO DEI LAICI. CATECHESI DELL'INFANZIA. LARRAIN M. HOFINGER J. SCARIN A. DELCUVE G. VALENSIN A. RANWEZ P. CRONACA INTERNAZIONALE. BIBLIOGRAFIA. INDICE DEL VOL. XII. CONTRIBUTO IMPORTANTE AL RINNOVAMENTO KERIGMATICA DI J. HOFINGER. L'EDUCAZIONE E IL GESTO. COMUNICAZIONE DELLE IDEE RELIGIOSE AL FANCIULLO. MOVIMENTO CATECHISTICO IN FRANCIA. ESEMPIO D'APOSTOLATO DEI LAICI DEL MOVIMENTO DELLA FAMIGLIA DI ALBERTVILLE. L'APOSTOLATO CATECHETICO DEI PROFESSORI LAICI. LA CRESCITA DELLA VITA CRISTIANA DEI LAICI D'OGGI. VOCAZIONE DEI LAICI ALL'APOSTOLATO. ATTESE DEL MONDO D'OGGI. |
| 501 ## - WITH NOTE | |
| With note | Società San Paolo EM - Piazza San Paolo, 14 - 12051 ALBA (CN) (non commercial uses only) ® Copyright 2017 |
| 520 ## - SUMMARY, ETC. | |
| Summary, etc. | APOSTOLATO DEI LAICI. CATECHESI DELL'INFANZIA. LARRAIN M. HOFINGER J. SCARIN A. DELCUVE G. VALENSIN A. RANWEZ P. CRONACA INTERNAZIONALE. BIBLIOGRAFIA. INDICE DEL VOL. XII. CONTRIBUTO IMPORTANTE AL RINNOVAMENTO KERIGMATICA DI J. HOFINGER. L'EDUCAZIONE E IL GESTO. COMUNICAZIONE DELLE IDEE RELIGIOSE AL FANCIULLO. MOVIMENTO CATECHISTICO IN FRANCIA. ESEMPIO D'APOSTOLATO DEI LAICI DEL MOVIMENTO DELLA FAMIGLIA DI ALBERTVILLE. L'APOSTOLATO CATECHETICO DEI PROFESSORI LAICI. LA CRESCITA DELLA VITA CRISTIANA DEI LAICI D'OGGI. VOCAZIONE DEI LAICI ALL'APOSTOLATO. ATTESE DEL MONDO D'OGGI. |
| 650 ## - SUBJECT ADDED ENTRY--TOPICAL TERM | |
| Topical term or geographic name as entry element | CATECHESI |
| 942 ## - ADDED ENTRY ELEMENTS (KOHA) | |
| Koha item type | RIVISTA |
| 957 ## - | |
| -- | 1 |
| 999 ## - SYSTEM CONTROL NUMBERS (KOHA) | |
| -- | 1 |
| Withdrawn status | Lost status | Damaged status | Not for loan | Home library | Current library | Date acquired | Total Checkouts | Full call number | Date last seen | Price effective from | Koha item type | Public note |
|---|---|---|---|---|---|---|---|---|---|---|---|---|
| Buone Condizioni | Not For Loan | ALBA - Biblioteca | ALBA - Biblioteca | 16/01/2017 | R268-R6940 | 16/01/2017 | 16/01/2017 | RIVISTA | (data import: 16 gennaio 2017) - By Epidotti, Vaglietti. |